[Event "Outaouais op (TORO)"]
[Site "Gatineau CAN"]
[Date "2015.06.07"]
[Round "5"]
[White "Vettese, Nicholas"]
[Black "Gelblum, Robert"]
[Result "1-0"]
[WhiteElo "2273"]
[BlackElo "2288"]
[PlyCount "67"]
[GameId "2160767908917502"]
[EventDate "2015.06.05"]
[EventType "swiss"]
[EventRounds "5"]
[EventCountry "CAN"]
[SourceTitle "EXT 2019"]
[Source "ChessBase"]
[SourceDate "2018.10.10"]
[SourceVersion "1"]
[SourceVersionDate "2018.10.10"]
[SourceQuality "1"]

1. e4 e5 2. Nf3 Nc6 3. Bc4 Nf6 4. d3 Be7 5. c3 d6 6. Bb3 O-O 7. O-O Bg4 8. h3 Bh5 9. Nbd2 d5 10. exd5 Nxd5 11. Ne4 f5 12. Ng3 Bg6 13. Re1 Bf6 14. d4 exd4 15. cxd4 Kh8 16. Ne2 Re8 17. Ne5 Nce7 18. Nc3 c6 19. Qf3 Qd6 20. Bd2 Red8 21. Rad1 Rac8 22. a3 Qc7 23. Nxd5 Nxd5 24. h4 Qb6 25. h5 Bxh5 26. Qxh5 Bxe5 27. Bxd5 Bxd4 28. Be6 Bxf2+ 29. Kh1 Bxe1 30. Rxe1 Rxd2 31. Bxc8 g6 32. Qg5 Qd4 33. Qe7 Qd6 34. Qf7 1-0

[Event "Gatineau op-A"]
[Site "Gatineau CAN"]
[Date "2015.03.??"]
[Round "3"]
[White "Rui Zhu, Hong"]
[Black "Vettese, Nicholas"]
[Result "1/2-1/2"]
[WhiteElo "2238"]
[BlackElo "2261"]
[PlyCount "59"]
[GameId "2160767908959706"]
[EventDate "2015.03.07"]
[EventType "swiss"]
[EventRounds "5"]
[EventCountry "CAN"]
[SourceTitle "EXT 2016"]
[Source "ChessBase"]
[SourceDate "2015.10.08"]
[SourceVersion "1"]
[SourceVersionDate "2015.10.08"]
[SourceQuality "1"]

1. e4 c5 2. Ne2 d6 3. g3 Nf6 4. Bg2 Nc6 5. c3 e5 6. d4 exd4 7. cxd4 g6 8. h3 Bg7 9. Be3 cxd4 10. Nxd4 O-O 11. Nc3 Ne5 12. O-O Nc4 13. Qe2 Nxe3 14. Qxe3 Qb6 15. Rad1 Rd8 16. b3 Bd7 17. Rd3 Rac8 18. Rfd1 Be8 19. Nde2 Qxe3 20. Rxe3 Bf8 21. Red3 Be7 22. Nf4 Bc6 23. h4 h6 24. R1d2 Bf8 25. e5 Bxg2 26. Kxg2 Ng4 27. exd6 Ne5 28. Re3 Ng4 29. Red3 Ne5 30. Re3 1/2-1/2

[Event "Gatineau op"]
[Site "Gatineau CAN"]
[Date "2015.03.06"]
[Round "1"]
[White "Vettese, Nicholas"]
[Black "Kuriliw, Ray"]
[Result "1-0"]
[WhiteElo "2261"]
[BlackElo "1979"]
[PlyCount "99"]
[GameId "2160767908959728"]
[EventDate "2015.03.06"]
[EventType "swiss"]
[EventRounds "5"]
[EventCountry "CAN"]

1. e4 e5 2. Nf3 Nc6 3. Bc4 Be7 4. c3 Nf6 5. d3 d6 6. Bb3 O-O 7. O-O Na5 8. Bc2 c5 9. Nbd2 Nc6 10. Re1 Re8 11. Nf1 Bf8 12. Ng3 g6 13. d4 Bg7 14. d5 Ne7 15. h3 Kh8 16. Nh2 Nfg8 17. f4 f6 18. Nf3 Bd7 19. Rf1 Rf8 20. Kh2 h6 21. fxe5 fxe5 22. Be3 Kh7 23. Qd2 Nc8 24. a4 a5 25. c4 Nb6 26. b3 Qc7 27. Kg1 Nc8 28. Kf2 Nce7 29. Ke2 Rf6 30. Rf2 Raf8 31. Raf1 b6 32. Kd1 Qd8 33. Bd3 Qe8 34. Nh1 R6f7 35. g4 Kh8 36. Ng3 Qc8 37. Be2 Qe8 38. Qc2 Qc8 39. Rg1 Qe8 40. Kc1 g5 41. Nf5 Nxf5 42. gxf5 Nf6 43. Nd2 Nxe4 44. Nxe4 Bxf5 45. Rxf5 Rxf5 46. Nxd6 Rf1+ 47. Rxf1 Rxf1+ 48. Bxf1 Qh5 49. Nf5 Qf3 50. Qf2 1-0

[Event "Gatineau op"]
[Site "Gatineau CAN"]
[Date "2015.03.07"]
[Round "2"]
[White "De Kerpel, Stijn"]
[Black "Vettese, Nicholas"]
[Result "1/2-1/2"]
[WhiteElo "2182"]
[BlackElo "2261"]
[PlyCount "60"]
[GameId "2160767908959736"]
[EventDate "2015.03.06"]
[EventType "swiss"]
[EventRounds "5"]
[EventCountry "CAN"]

1. c4 Nf6 2. g3 c6 3. Bg2 e6 4. Nf3 Be7 5. b3 O-O 6. O-O d5 7. Bb2 Nbd7 8. d4 dxc4 9. bxc4 c5 10. e3 Qc7 11. Nbd2 b6 12. e4 cxd4 13. e5 Ne8 14. Nxd4 Bb7 15. Nb5 Qb8 16. f4 Nc5 17. Nb3 a6 18. Nc3 Nc7 19. Qe2 Bxg2 20. Kxg2 Qb7+ 21. Kh3 Rad8 22. Rad1 Kh8 23. Rxd8 Rxd8 24. Rd1 Nxb3 25. axb3 Rxd1 26. Qxd1 Qc6 27. Qd4 h6 28. Qe4 Qxe4 29. Nxe4 b5 30. cxb5 Nxb5 1/2-1/2

[Event "Gatineau op"]
[Site "Gatineau CAN"]
[Date "2015.03.08"]
[Round "4"]
[White "Vettese, Nicholas"]
[Black "Valdizon, Armando"]
[Result "1-0"]
[WhiteElo "2261"]
[BlackElo "2226"]
[PlyCount "90"]
[GameId "2160767908967957"]
[EventDate "2015.03.06"]
[EventType "swiss"]
[EventRounds "5"]
[EventCountry "CAN"]

1. e4 c5 2. Nf3 d6 3. d4 cxd4 4. Nxd4 Nf6 5. Nc3 a6 6. f3 e5 7. Nb3 Be6 8. Be3 Nbd7 9. Nd5 Bxd5 10. exd5 Be7 11. c4 O-O 12. Bd3 Nh5 13. Qd2 Nc5 14. Nxc5 dxc5 15. g3 f5 16. O-O f4 17. Bf2 Bd6 18. g4 Nf6 19. Qc2 g6 20. Kg2 Qd7 21. Rg1 Rae8 22. Rae1 Re7 23. Bh4 Ref7 24. Bg5 b5 25. b3 Kg7 26. Kf2 bxc4 27. bxc4 Rb8 28. Rb1 Qe8 29. Rxb8 Qxb8 30. Rb1 Rb7 31. Ke2 Rxb1 32. Qxb1 Qxb1 33. Bxb1 h6 34. Bh4 g5 35. Be1 Bc7 36. h4 Ne8 37. h5 Kf6 38. Bc3 Ke7 39. Bc2 Nf6 40. Bf5 Kd8 41. Kd2 Nd7 42. Bxd7 Kxd7 43. Kd3 Ke7 44. Ke4 Kf6 45. a3 a5 1-0

[Event "Gatineau op"]
[Site "Gatineau CAN"]
[Date "2015.03.08"]
[Round "5"]
[White "Hebert, Jean"]
[Black "Vettese, Nicholas"]
[Result "1-0"]
[WhiteElo "2467"]
[BlackElo "2261"]
[PlyCount "97"]
[GameId "2160767908967962"]
[EventDate "2015.03.06"]
[EventType "swiss"]
[EventRounds "5"]
[EventCountry "CAN"]

1. c4 Nf6 2. Nf3 c5 3. Nc3 Nc6 4. g3 g6 5. d4 cxd4 6. Nxd4 Nxd4 7. Qxd4 Bg7 8. Bg2 O-O 9. O-O d6 10. Qd3 Bf5 11. e4 Be6 12. Bd2 Rc8 13. b3 Nd7 14. Rac1 Nc5 15. Qe2 Qd7 16. Nd5 Rfe8 17. Be3 b6 18. Rfd1 Na6 19. h4 Bg4 20. f3 Bh3 21. h5 Bxg2 22. Kxg2 Nc7 23. hxg6 hxg6 24. g4 Nxd5 25. Rxd5 f6 26. Bf4 Qe6 27. Qd3 g5 28. Bg3 Kf7 29. a4 Rc5 30. Bf2 Rc7 31. a5 Rb8 32. Rb5 Rcb7 33. axb6 axb6 34. Qd5 Rc7 35. Qxe6+ Kxe6 36. Ra1 Rcb7 37. Ra6 Kd7 38. Raxb6 Rxb6 39. Rxb6 Rxb6 40. Bxb6 e6 41. Bd4 d5 42. exd5 exd5 43. cxd5 Kd6 44. Kf2 Kxd5 45. Ke3 Bh8 46. Kd3 Bg7 47. b4 Ke6 48. Ke4 Bf8 49. Bc5 1-0

[Event "RA Winter op"]
[Site "Ottawa CAN"]
[Date "2015.01.17"]
[Round "2"]
[White "Cova, Ramon"]
[Black "Vettese, Nicholas"]
[Result "1/2-1/2"]
[WhiteElo "2089"]
[BlackElo "2236"]
[PlyCount "112"]
[GameId "2160767908984908"]
[EventDate "2015.01.16"]
[EventType "swiss"]
[EventRounds "5"]
[EventCountry "CAN"]
[SourceTitle "EXT 2019"]
[Source "ChessBase"]
[SourceDate "2018.10.10"]
[SourceVersion "1"]
[SourceVersionDate "2018.10.10"]
[SourceQuality "1"]

1. d4 Nf6 2. Nf3 e6 3. e3 c5 4. Bd3 b6 5. O-O Bb7 6. Nbd2 cxd4 7. exd4 d6 8. Re1 Be7 9. Ne4 Nbd7 10. c3 O-O 11. Bf4 Nxe4 12. Bxe4 Bxe4 13. Rxe4 Nf6 14. Re2 Qc7 15. Qd3 Rfc8 16. Rae1 Qc4 17. Qxc4 Rxc4 18. Nd2 Rc6 19. Ne4 Nxe4 20. Rxe4 d5 21. R4e3 Rac8 22. Rg3 b5 23. a3 a5 24. Bh6 g6 25. Bd2 Ra8 26. Ra1 Rca6 27. Kf1 Kf8 28. Ke2 Ke8 29. Rh3 h5 30. Kd3 b4 31. axb4 axb4 32. Rxa6 Rxa6 33. c4 dxc4+ 34. Kxc4 Rc6+ 35. Kb3 Kd7 36. Rf3 f6 37. Rg3 g5 38. Rh3 h4 39. f4 Ke8 40. Rf3 g4 41. Rf1 Kd7 42. Ra1 f5 43. Ra7+ Ke8 44. Rb7 Ra6 45. Rc7 Ra1 46. Rc1 Rxc1 47. Bxc1 g3 48. hxg3 hxg3 49. Bd2 Bd6 50. Kc4 Kd7 51. b3 Kc6 52. Be3 Be7 53. Bc1 Bf8 54. Bd2 Bd6 55. Be3 Be7 56. Bd2 Bd6 1/2-1/2

[Event "RA Winter op"]
[Site "Ottawa CAN"]
[Date "2015.01.17"]
[Round "3"]
[White "Vettese, Nicholas"]
[Black "Sambuev, Bator"]
[Result "0-1"]
[WhiteElo "2236"]
[BlackElo "2653"]
[PlyCount "76"]
[GameId "2160767908984916"]
[EventDate "2015.01.16"]
[EventType "swiss"]
[EventRounds "5"]
[EventCountry "CAN"]
[SourceTitle "EXT 2019"]
[Source "ChessBase"]
[SourceDate "2018.10.10"]
[SourceVersion "1"]
[SourceVersionDate "2018.10.10"]
[SourceQuality "1"]

1. e4 e6 2. d4 d5 3. Nc3 Bb4 4. exd5 exd5 5. Bd3 Nc6 6. Nge2 Nge7 7. O-O Bg4 8. f3 Bf5 9. Be3 Qd7 10. Ng3 Bxc3 11. bxc3 Bxd3 12. cxd3 Nf5 13. Bf2 O-O-O 14. Rb1 b6 15. Qa4 Kb7 16. Rfe1 h5 17. h3 g5 18. Qd1 Rdg8 19. Nxf5 Qxf5 20. Bg3 Qd7 21. Qe2 Rh6 22. Kh1 h4 23. Bh2 f5 24. Qd2 Rhg6 25. Qe3 f4 26. Qd2 Re8 27. Rxe8 Qxe8 28. Re1 Re6 29. Rxe6 Qxe6 30. Bg1 Ne7 31. Bf2 Nf5 32. Qe1 Qxe1+ 33. Bxe1 Kc6 34. Bd2 Kb5 35. Kg1 Ka4 36. Bc1 b5 37. Kf2 a5 38. Ke1 b4 0-1

[Event "Hart House Holidays op"]
[Site "Toronto CAN"]
[Date "2014.12.20"]
[Round "2"]
[White "Vettese, Nicholas"]
[Black "Ivanov, Mike"]
[Result "1/2-1/2"]
[WhiteElo "2246"]
[BlackElo "2394"]
[PlyCount "101"]
[GameId "2160767908993493"]
[EventDate "2014.12.19"]
[EventType "swiss"]
[EventRounds "5"]
[EventCountry "CAN"]
[SourceTitle "EXT 2022"]
[Source "ChessBase"]
[SourceDate "2021.10.06"]
[SourceVersion "1"]
[SourceVersionDate "2021.10.06"]
[SourceQuality "1"]

1. e4 e6 2. d4 d5 3. Nc3 Bb4 4. exd5 exd5 5. Bd3 Nc6 6. Nge2 Be6 7. a3 Bxc3+ 8. bxc3 Qd7 9. Ng3 O-O-O 10. Rb1 g6 11. Bf4 h5 12. h4 Nge7 13. Qe2 Rde8 14. O-O Bg4 15. f3 Nf5 16. Bxf5 Bxf5 17. Qb5 Nd8 18. Qa5 Bxc2 19. Qxa7 Qa4 20. Qxa4 Bxa4 21. Rfe1 f6 22. Rxe8 Rxe8 23. Bd2 Re6 24. Kf2 Kd7 25. Rb2 Bd1 26. Bc1 Kc6 27. f4 f5 28. Rd2 Bb3 29. Nf1 Nf7 30. Ng3 Bc4 31. Rd1 Kb5 32. Re1 Rxe1 33. Kxe1 Nd6 34. Kd2 Ka4 35. Kc2 Bb5 36. Bb2 b6 37. Bc1 Bc4 38. Bb2 Kb5 39. Bc1 Ka4 40. Bb2 Ne8 41. Nh1 Bf1 42. g3 Nf6 43. Nf2 b5 44. Bc1 Bg2 45. Kb2 Be4 46. Bd2 Ne8 47. Nh3 Nd6 48. Bc1 Nf7 49. Ng5 Nxg5 50. fxg5 c6 51. Bf4 1/2-1/2

[Event "Hart House Holidays op"]
[Site "Toronto CAN"]
[Date "2014.12.21"]
[Round "5"]
[White "Vettese, Nicholas"]
[Black "Zhong, Joey"]
[Result "0-1"]
[WhiteElo "2246"]
[BlackElo "2137"]
[PlyCount "50"]
[GameId "2160767909001705"]
[EventDate "2014.12.19"]
[EventType "swiss"]
[EventRounds "5"]
[EventCountry "CAN"]
[SourceTitle "EXT 2022"]
[Source "ChessBase"]
[SourceDate "2021.10.06"]
[SourceVersion "1"]
[SourceVersionDate "2021.10.06"]
[SourceQuality "1"]

1. e4 c5 2. Nf3 e6 3. d4 cxd4 4. Nxd4 Nc6 5. Nc3 Qc7 6. Be3 a6 7. Be2 Nf6 8. O-O Bb4 9. Nb3 Bxc3 10. bxc3 Nxe4 11. Bd3 Nf6 12. Re1 d6 13. Bg5 Ne5 14. Bxf6 gxf6 15. Qh5 Bd7 16. Qh6 Ke7 17. Nd2 Rag8 18. Ne4 Nf3+ 19. Kh1 Rg6 20. Qf4 Nxe1 21. Rxe1 f5 22. Ng3 Kf8 23. Qh4 Rhg8 24. Qxh7 Qxc3 25. Rb1 Rh8 0-1

[Event "RA November op"]
[Site "Ottawa CAN"]
[Date "2014.11.28"]
[Round "1"]
[White "Vettese, Nicholas"]
[Black "Donev, Danail"]
[Result "1-0"]
[WhiteElo "2186"]
[BlackElo "1945"]
[PlyCount "55"]
[GameId "2160767909001776"]
[EventDate "2014.11.28"]
[EventType "swiss"]
[EventRounds "5"]
[EventCountry "CAN"]
[SourceTitle "EXT 2022"]
[Source "ChessBase"]
[SourceDate "2021.10.06"]
[SourceVersion "1"]
[SourceVersionDate "2021.10.06"]
[SourceQuality "1"]

1. e4 c5 2. Nf3 d6 3. d4 cxd4 4. Nxd4 Nf6 5. Nc3 a6 6. f3 e5 7. Nb3 Be6 8. Be3 Nbd7 9. Qd2 b5 10. g4 Nb6 11. Qf2 Nc4 12. Bxc4 bxc4 13. Nd2 d5 14. exd5 Nxd5 15. Nxd5 Qxd5 16. g5 Be7 17. Ne4 O-O 18. Rg1 f5 19. gxf6 Bxf6 20. Bh6 Rae8 21. Qa7 Bh4+ 22. Ke2 Re7 23. Rxg7+ Kh8 24. Rxe7 Qxe4+ 25. fxe4 Bg4+ 26. Kd2 Rf2+ 27. Qxf2 Bxf2 28. Re8# 1-0

[Event "RA November op"]
[Site "Ottawa CAN"]
[Date "2014.11.29"]
[Round "2"]
[White "Sambuev, Bator"]
[Black "Vettese, Nicholas"]
[Result "1/2-1/2"]
[WhiteElo "2672"]
[BlackElo "2186"]
[PlyCount "101"]
[GameId "2160767909001781"]
[EventDate "2014.11.28"]
[EventType "swiss"]
[EventRounds "5"]
[EventCountry "CAN"]
[SourceTitle "EXT 2022"]
[Source "ChessBase"]
[SourceDate "2021.10.06"]
[SourceVersion "1"]
[SourceVersionDate "2021.10.06"]
[SourceQuality "1"]

1. d4 Nf6 2. c4 e6 3. Nc3 Bb4 4. e3 b6 5. Bd3 Bb7 6. Nf3 Ne4 7. O-O Bxc3 8. bxc3 O-O 9. Ne1 d5 10. cxd5 exd5 11. Qc2 Re8 12. f3 Nf6 13. g4 Ba6 14. Ng2 Bxd3 15. Qxd3 Nc6 16. Bd2 Na5 17. Be1 Qd6 18. Bg3 Qc6 19. Rac1 Nc4 20. Rce1 a5 21. Bh4 b5 22. Bxf6 Qxf6 23. e4 c6 24. e5 Qg6 25. Qe2 b4 26. Rc1 Rab8 27. cxb4 axb4 28. Ne3 Nxe3 29. Qxe3 h5 30. Kh1 Ra8 31. Rf2 Ra3 32. Qf4 Rea8 33. gxh5 Qxh5 34. Rcc2 Qh3 35. Qg3 Qxg3 36. hxg3 Rd3 37. Rxc6 Rxd4 38. Rb6 Rd1+ 39. Kg2 Ra1 40. Rxb4 R1xa2 41. Rb5 d4 42. Rd5 Rxf2+ 43. Kxf2 Ra2+ 44. Ke1 Kf8 45. Rxd4 Ke7 46. Rd2 Rxd2 47. Kxd2 Ke6 48. f4 g5 49. Ke3 gxf4+ 50. Kxf4 f6 51. exf6 1/2-1/2

[Event "RA November op"]
[Site "Ottawa CAN"]
[Date "2014.11.29"]
[Round "3"]
[White "Vettese, Nicholas"]
[Black "Forget, David"]
[Result "1-0"]
[WhiteElo "2186"]
[BlackElo "1913"]
[PlyCount "29"]
[GameId "2160767909001787"]
[EventDate "2014.11.28"]
[EventType "swiss"]
[EventRounds "5"]
[EventCountry "CAN"]
[SourceTitle "EXT 2022"]
[Source "ChessBase"]
[SourceDate "2021.10.06"]
[SourceVersion "1"]
[SourceVersionDate "2021.10.06"]
[SourceQuality "1"]

1. e4 e6 2. d4 d5 3. Nc3 Bb4 4. exd5 exd5 5. Bd3 Ne7 6. Nge2 O-O 7. O-O Bf5 8. Ng3 Bxd3 9. Qxd3 c6 10. Nce2 Ng6 11. f4 Nd7 12. f5 Ne7 13. Nh5 g6 14. Bh6 Nxf5 15. Rxf5 1-0

[Event "RA November op"]
[Site "Ottawa CAN"]
[Date "2014.11.30"]
[Round "4"]
[White "Zhou, Qiyu"]
[Black "Vettese, Nicholas"]
[Result "0-1"]
[WhiteElo "2239"]
[BlackElo "2186"]
[PlyCount "86"]
[GameId "2160767909001792"]
[EventDate "2014.11.28"]
[EventType "swiss"]
[EventRounds "5"]
[EventCountry "CAN"]
[SourceTitle "EXT 2022"]
[Source "ChessBase"]
[SourceDate "2021.10.06"]
[SourceVersion "1"]
[SourceVersionDate "2021.10.06"]
[SourceQuality "1"]

1. e4 c5 2. Nf3 d6 3. d4 cxd4 4. Nxd4 Nf6 5. Nc3 a6 6. Be3 Nbd7 7. f3 b5 8. g4 Nb6 9. g5 Nfd7 10. Qd2 Bb7 11. b3 Rc8 12. Bg2 Qc7 13. Nce2 d5 14. c3 e6 15. O-O g6 16. Rac1 Ba3 17. Rcd1 Be7 18. Bh3 e5 19. Nc2 d4 20. Ncxd4 exd4 21. cxd4 Qc2 22. Qe1 Qxa2 23. d5 Bc5 24. Nd4 Qa3 25. f4 Rf8 26. Rd3 Nc4 27. Bf2 Nb2 28. Rg3 Qb4 29. Qxb4 Bxb4 30. Rb1 Bc3 31. Ne2 Bg7 32. Nd4 Nc4 33. bxc4 Rxc4 34. Rd1 Kd8 35. Bf1 Ra4 36. Rh3 Bxd4 37. Bxd4 Re8 38. Bg2 Ra2 39. Rxh7 Rxg2+ 40. Kxg2 Rxe4 41. Rxf7 Bxd5 42. Rxd7+ Kxd7 43. Be5 Rd4+ 0-1

[Event "RA November op"]
[Site "Ottawa CAN"]
[Date "2014.11.30"]
[Round "5"]
[White "Vettese, Nicholas"]
[Black "Zhu, Hong Rui"]
[Result "1/2-1/2"]
[WhiteElo "2186"]
[BlackElo "2207"]
[PlyCount "35"]
[GameId "2160767909001794"]
[EventDate "2014.11.28"]
[EventType "swiss"]
[EventRounds "5"]
[EventCountry "CAN"]
[SourceTitle "EXT 2022"]
[Source "ChessBase"]
[SourceDate "2021.10.06"]
[SourceVersion "1"]
[SourceVersionDate "2021.10.06"]
[SourceQuality "1"]

1. e4 d6 2. d4 g6 3. f4 Bg7 4. Nf3 e6 5. Bd3 Ne7 6. O-O O-O 7. c3 b6 8. Be3 Bb7 9. Nbd2 Nd7 10. g4 f5 11. Ng5 fxe4 12. Nxe6 Qc8 13. Nxf8 exd3 14. Nxd7 Qxd7 15. h3 Re8 16. Rf3 Bxf3 17. Qxf3 Qb5 18. b4 1/2-1/2

[Event "Guelph Fall ProAm"]
[Site "Guelph CAN"]
[Date "2014.11.01"]
[Round "2"]
[White "Dougherty, Michael"]
[Black "Vettese, Nicholas"]
[Result "1-0"]
[WhiteElo "2292"]
[BlackElo "2129"]
[PlyCount "63"]
[GameId "2160767909018615"]
[EventDate "2014.11.01"]
[EventType "swiss"]
[EventRounds "5"]
[EventCountry "CAN"]

1. c4 Nf6 2. Nc3 e5 3. Nf3 Nc6 4. g3 d5 5. cxd5 Nxd5 6. d3 f6 7. Bg2 Be6 8. O-O Bc5 9. Qb3 O-O 10. Ng5 Nd4 11. Nxe6 Nxb3 12. Bxd5 Qxd5 13. Nxd5 Nxa1 14. Nxc5 Nc2 15. Ne6 Rf7 16. Nexc7 Rd8 17. e4 a6 18. Be3 Nxe3 19. fxe3 Rc8 20. Rc1 h6 21. b4 Kh7 22. a4 Kg6 23. b5 Kh5 24. bxa6 bxa6 25. a5 Rb8 26. Nb6 Rb7 27. Ne6 Rfe7 28. Rc6 Kg4 29. Kg2 Kh5 30. Kf3 Re8 31. Nd5 Rb2 32. Ndf4+ 1-0

[Event "RA Fall op"]
[Site "Ottawa CAN"]
[Date "2014.09.20"]
[Round "3"]
[White "Gelblum, Robert"]
[Black "Vettese, Nicholas"]
[Result "1/2-1/2"]
[WhiteElo "2226"]
[BlackElo "1961"]
[PlyCount "69"]
[GameId "2160767909035683"]
[EventDate "2014.09.19"]
[EventType "swiss"]
[EventRounds "5"]
[EventCountry "CAN"]
[SourceTitle "EXT 2022"]
[Source "ChessBase"]
[SourceDate "2021.10.06"]
[SourceVersion "1"]
[SourceVersionDate "2021.10.06"]
[SourceQuality "1"]

1. e4 c5 2. Nf3 d6 3. Bb5+ Bd7 4. Bxd7+ Qxd7 5. O-O Nc6 6. Qe2 Nf6 7. Rd1 Rc8 8. h3 a6 9. b3 g6 10. Bb2 Bg7 11. d3 O-O 12. Nbd2 Rfd8 13. Nc4 Qc7 14. e5 dxe5 15. Ncxe5 Nxe5 16. Bxe5 Qc6 17. Bb2 Nd5 18. Bxg7 Kxg7 19. Re1 Nf6 20. Qe5 Rd5 21. Qc3 Qc7 22. Re2 Re8 23. Rae1 Qd7 24. Re5 Rxe5 25. Rxe5 b6 26. g4 a5 27. d4 cxd4 28. Qxd4 Qxd4 29. Nxd4 Rd8 30. c3 e6 31. Kf1 Nd5 32. Nb5 Nf4 33. Nd4 Nd5 34. Nb5 Nf4 35. Nd4 1/2-1/2

[Event "North American-ch U20"]
[Site "Kitchener CAN"]
[Date "2014.07.31"]
[Round "1.4"]
[White "Vettese, Nicholas"]
[Black "Sapozhnikov, Roman"]
[Result "0-1"]
[WhiteElo "1916"]
[BlackElo "2299"]
[PlyCount "66"]
[GameId "2160767909052829"]
[EventDate "2014.07.31"]
[EventType "swiss"]
[EventRounds "9"]
[EventCountry "CAN"]
[SourceTitle "EXT 2022"]
[Source "ChessBase"]
[SourceDate "2021.10.06"]
[SourceVersion "1"]
[SourceVersionDate "2021.10.06"]
[SourceQuality "1"]

1. e4 c5 2. Nf3 d6 3. d4 Nf6 4. dxc5 Qa5+ 5. c3 Qxc5 6. Be3 Qc7 7. Be2 g6 8. O-O Bg7 9. Qc2 O-O 10. a4 b6 11. a5 Bb7 12. axb6 axb6 13. Rxa8 Bxa8 14. Nbd2 Nbd7 15. Bf4 Qc6 16. Nd4 Qb7 17. Bg5 Qa7 18. f3 Rc8 19. Nb5 Qb8 20. f4 Nc5 21. Bf3 Ne6 22. Bxf6 Bxf6 23. Bg4 Rc5 24. Bxe6 Rxb5 25. Bc4 Rc5 26. Qb3 e6 27. f5 exf5 28. Bxf7+ Kg7 29. exf5 Qb7 30. Rf2 Qxf7 31. Qxb6 Qb7 32. Qxb7+ Bxb7 33. fxg6 Kxg6 0-1

[Event "North American-ch U20"]
[Site "Kitchener CAN"]
[Date "2014.07.31"]
[Round "2.19"]
[White "Peng, Janet"]
[Black "Vettese, Nicholas"]
[Result "0-1"]
[WhiteElo "1655"]
[BlackElo "1916"]
[PlyCount "160"]
[GameId "2160767909061062"]
[EventDate "2014.07.31"]
[EventType "swiss"]
[EventRounds "9"]
[EventCountry "CAN"]
[SourceTitle "EXT 2022"]
[Source "ChessBase"]
[SourceDate "2021.10.06"]
[SourceVersion "1"]
[SourceVersionDate "2021.10.06"]
[SourceQuality "1"]

1. d4 Nf6 2. Nf3 e6 3. Bf4 c5 4. c3 Nc6 5. e3 Be7 6. Be2 O-O 7. h3 a6 8. O-O d5 9. Nbd2 h6 10. Rc1 c4 11. b3 b5 12. a4 Bd6 13. Ne5 Qc7 14. Ndf3 Nd7 15. Nxd7 Bxd7 16. Bxd6 Qxd6 17. Qc2 Na5 18. bxc4 bxc4 19. Qa2 Nb3 20. Rb1 Qc6 21. Bd1 Qxa4 22. Bxb3 cxb3 23. Qxb3 Qxb3 24. Rxb3 Bb5 25. Rc1 Rfc8 26. Ne5 Rc7 27. f3 Kf8 28. Kf2 Ke7 29. e4 Kd6 30. Ra1 Rac8 31. Rc1 h5 32. Ke3 Ra8 33. Ra1 Rb7 34. Nxf7+ Ke7 35. Ne5 a5 36. Nd3 a4 37. Rba3 Be8 38. Nc5 Rb2 39. R1a2 Rab8 40. Nxa4 Rxa2 41. Rxa2 Ra8 42. c4 Rxa4 43. Rxa4 Bxa4 44. cxd5 exd5 45. exd5 g5 46. Ke4 Kf6 47. f4 g4 48. hxg4 hxg4 49. g3 Bb5 50. d6 Ke6 51. f5+ Kxd6 52. Kf4 Be2 53. f6 Ke6 54. Kg5 Kf7 55. d5 Bb5 56. Kf5 Bd7+ 57. Ke5 Bc8 58. Kf4 Kxf6 59. Ke4 Bd7 60. Kf4 Bf5 61. d6 Bd7 62. Ke4 Ke6 63. Ke3 Kxd6 64. Kd4 Ke6 65. Ke4 Bc6+ 66. Kf4 Bf3 67. Ke3 Ke5 68. Kd3 Bd5 69. Ke3 Be4 70. Ke2 Kd4 71. Kf2 Kd3 72. Kf1 Ke3 73. Kg1 Kf3 74. Kh2 Bd3 75. Kg1 Kxg3 76. Kh1 Kf3 77. Kg1 g3 78. Kh1 g2+ 79. Kg1 Bc4 80. Kh2 Kf2 0-1

[Event "North American-ch U20"]
[Site "Kitchener CAN"]
[Date "2014.08.01"]
[Round "3.9"]
[White "Vettese, Nicholas"]
[Black "Tang, Andrew"]
[Result "0-1"]
[WhiteElo "1916"]
[BlackElo "2258"]
[PlyCount "56"]
[GameId "2160767909061076"]
[EventDate "2014.07.31"]
[EventType "swiss"]
[EventRounds "9"]
[EventCountry "CAN"]
[SourceTitle "EXT 2022"]
[Source "ChessBase"]
[SourceDate "2021.10.06"]
[SourceVersion "1"]
[SourceVersionDate "2021.10.06"]
[SourceQuality "1"]

1. e4 e5 2. Nf3 Nc6 3. Bc4 Bc5 4. c3 Nf6 5. d3 a6 6. h3 Ba7 7. Bb3 h6 8. O-O O-O 9. Re1 d6 10. d4 Re8 11. d5 Na5 12. Bc2 c6 13. Nbd2 cxd5 14. exd5 Nxd5 15. Ne4 Be6 16. b4 Nc4 17. Qd3 Rc8 18. Neg5 Nf6 19. Nh7 d5 20. Nxe5 Nxe5 21. Rxe5 Ne4 22. Rxe4 dxe4 23. Qxe4 f5 24. Qxb7 Bxf2+ 25. Kxf2 Rxc3 26. Bb3 Bxb3 27. axb3 Qd4+ 28. Kf1 Qd1+ 0-1

[Event "North American-ch U20"]
[Site "Kitchener CAN"]
[Date "2014.08.01"]
[Round "4.18"]
[White "Giblon, Rebecca"]
[Black "Vettese, Nicholas"]
[Result "0-1"]
[WhiteElo "1740"]
[BlackElo "1916"]
[PlyCount "86"]
[GameId "2160767909061111"]
[EventDate "2014.07.31"]
[EventType "swiss"]
[EventRounds "9"]
[EventCountry "CAN"]
[SourceTitle "EXT 2022"]
[Source "ChessBase"]
[SourceDate "2021.10.06"]
[SourceVersion "1"]
[SourceVersionDate "2021.10.06"]
[SourceQuality "1"]

1. e4 c5 2. Nf3 d6 3. d4 cxd4 4. Nxd4 Nf6 5. Nc3 a6 6. Bg5 e6 7. f4 Nbd7 8. Qf3 Qc7 9. O-O-O b5 10. Bd3 Bb7 11. Rhe1 Be7 12. Kb1 h6 13. Bh4 O-O 14. Qh3 Nc5 15. e5 dxe5 16. fxe5 Nd5 17. Ne4 Nf4 18. Qg4 Bxh4 19. Qxf4 Bxe1 20. Nxc5 Qxc5 21. Rxe1 Rad8 22. Nb3 Qe7 23. h4 Rd7 24. Re3 Kh8 25. Nd2 f5 26. Nf3 Bxf3 27. Rxf3 Qc5 28. g4 Rc8 29. Rf1 Rd4 30. Qd2 Rxg4 31. a3 Rg1 32. Rxg1 Qxg1+ 33. Ka2 Qg3 34. Qa5 Re8 35. Qb6 Qxe5 36. b3 Qd5 37. Qc7 Qd8 38. Qe5 Qf6 39. Qf4 e5 40. Qf1 e4 41. Be2 Rc8 42. c4 Rd8 43. Qc1 Qd4 0-1

[Event "North American-ch U20"]
[Site "Kitchener CAN"]
[Date "2014.08.02"]
[Round "5.15"]
[White "Vettese, Nicholas"]
[Black "Shi, Diwen"]
[Result "1/2-1/2"]
[WhiteElo "1916"]
[BlackElo "1934"]
[PlyCount "54"]
[GameId "2160767909061132"]
[EventDate "2014.07.31"]
[EventType "swiss"]
[EventRounds "9"]
[EventCountry "CAN"]
[SourceTitle "EXT 2022"]
[Source "ChessBase"]
[SourceDate "2021.10.06"]
[SourceVersion "1"]
[SourceVersionDate "2021.10.06"]
[SourceQuality "1"]

1. e4 c5 2. Nf3 d6 3. d4 cxd4 4. Nxd4 Nf6 5. Nc3 g6 6. f3 Bg7 7. Be3 Nc6 8. Qd2 O-O 9. g4 Be6 10. Nxe6 fxe6 11. Bc4 Qc8 12. O-O-O Ne5 13. Be2 Nc4 14. Bxc4 Qxc4 15. Bd4 b5 16. Qe2 Qxe2 17. Nxe2 Bh6+ 18. Kb1 Nd7 19. Rd3 a6 20. h4 Bf4 21. Be3 Bxe3 22. Rxe3 Ne5 23. Nd4 Nc4 24. Rd3 e5 25. Nb3 Rf4 26. h5 Raf8 27. hxg6 hxg6 1/2-1/2